| 000 | 00722nmm a2200241 a 4500 | ||
|---|---|---|---|
| 003 | AR-BaBNM | ||
| 005 | 20251128204003.0 | ||
| 008 | 144019s1982 ||||||||||||||000 | spa|| | ||
| 040 | _cAR-BaBNM | ||
| 245 | 1 | 0 |
_aDiario del estafeta Hugo Acuña _bpionero de la soberanía argentina en la Antártida |
| 260 |
_aBahía Blanca _bCentro de Documentación Patagónica de la Universidad Nacional del Sur _c1982 |
||
| 300 |
_a245 p. _bláms., tablas |
||
| 650 | 4 | _aHISTORIA ARGENTINA | |
| 650 | 4 | _aSOBERANIA | |
| 650 | 4 | _aHISTORIA ANTARTICA ARGENTINA | |
| 650 | 4 | _aEXPLORACION GEOGRAFICA | |
| 650 | 4 | _aEXPLORACION | |
| 651 | 4 | _aAntártida | |
| 651 | 4 | _aArgentina | |
| 653 | _aMEMORIAS | ||
| 942 | _cBK | ||
| 998 | _cRhizi | ||
| 999 |
_c5730 _d5730 |
||